[Event "World op 21st"]
[Site "Philadelphia"]
[Date "1993.??.??"]
[Round "?"]
[White "Chow, Richard"]
[Black "Kelleher, William"]
[Result "1/2-1/2"]
[WhiteElo "2335"]
[BlackElo "2360"]
[PlyCount "124"]
[EventDate "1993.??.??"]
[EventType "swiss"]
[EventRounds "9"]
[EventCountry "USA"]
[SourceTitle "EXT 1999"]
[Source "ChessBase"]
[SourceDate "1998.11.16"]
[SourceVersion "1"]
[SourceVersionDate "1998.11.16"]
[SourceQuality "1"]

1. e4 c5 2. Nf3 d6 3. d4 cxd4 4. Nxd4 Nf6 5. Nc3 a6 6. Bc4 e6 7. 0-0 b5 8. Bb3 Be7 9. Qf3 Qc7 10. Qg3 0-0 11. Bh6 Ne8 12. Rad1 Kh8 13. Bg5 Bxg5 14. Qxg5 Qc5 15. Qg3 Nc6 16. Nxc6 Qxc6 17. Rfe1 a5 18. a4 Ba6 19. axb5 Bxb5 20. Nxb5 Qxb5 21. Rd4 Qb6 22. Ra4 Nf6 23. Rd1 Rfd8 24. h3 h6 25. Qd3 Kg8 26. Rd4 Ne8 27. Ra1 Nf6 28. Rd1 Ne8 29. Ra1 Nf6 30. Qd2 Rdc8 31. Kh1 Rc5 32. f3 d5 33. exd5 Nxd5 34. Bxd5 Rxd5 35. Rxd5 exd5 36. b4 a4 37. Qxd5 Qa6 38. c4 a3 39. b5 Qa5 40. b6 Qxd5 41. cxd5 Rb8 42. Rxa3 Rxb6 43. Rd3 Kf8 44. Kh2 Ke7 45. Kg3 Rb2 46. f4 Kd6 47. Kf3 Rb5 48. Ke4 Rb4+ 49. Kf3 Rb5 50. Ke4 Rb4+ 51. Rd4 f5+ 52. Ke3 Rb3+ 53. Kf2 g5 54. fxg5 hxg5 55. g4 Rb2+ 56. Kf3 Rb3+ 57. Kf2 Rb2+ 58. Ke3 Rb3+ 59. Ke2 Rb2+ 60. Ke3 Rb3+ 61. Kf2 Rb2+ 62. Kf3 Rb3+ 1/2-1/2

[Event "World op 21st"]
[Site "Philadelphia"]
[Date "1993.??.??"]
[Round "2"]
[White "Sherzer, Alex"]
[Black "Chow, Richard"]
[Result "1/2-1/2"]
[WhiteElo "2500"]
[BlackElo "2335"]
[PlyCount "162"]
[EventDate "1993.??.??"]
[EventType "swiss"]
[EventRounds "9"]
[EventCountry "USA"]
[SourceTitle "EXT 1997"]
[Source "ChessBase"]
[SourceDate "1996.11.15"]
[SourceVersion "1"]
[SourceVersionDate "1996.11.15"]
[SourceQuality "1"]

1. e4 c5 2. Nf3 Nc6 3. d4 cxd4 4. Nxd4 g6 5. c4 Nf6 6. Nc3 d6 7. Be2 Nxd4 8. Qxd4 Bg7 9. Bg5 0-0 10. Qd2 Be6 11. 0-0 Qa5 12. Rad1 Rfc8 13. b3 a6 14. Bxf6 exf6 15. Nd5 Qxd2 16. Rxd2 Bxd5 17. Rxd5 Bf8 18. f4 Rc5 19. Rfd1 Rxd5 20. Rxd5 Be7 21. Kf2 Kf8 22. b4 b6 23. a3 a5 24. b5 Rc8 25. g4 Rc5 26. Rd1 Kg7 27. Ke3 Kf8 28. Kd3 Kg7 29. Bf3 Kf8 30. h3 Kg7 31. Kc3 Kf8 32. Rd2 Kg7 33. a4 Kf8 34. Rd4 Ke8 35. h4 Kf8 36. Kd3 Kg7 37. g5 h6 38. gxf6+ Kxf6 39. e5+ dxe5 40. Rd7 exf4 41. Bd5 Rc8 42. Rb7 Bc5 43. Rxf7+ Ke5 44. h5 gxh5 45. Rh7 Bf8 46. Rb7 Bc5 47. Rh7 Rf8 48. Rxh6 f3 49. Rxh5+ Kf4 50. Rh3 Kg4 51. Be6+ Kg5 52. Rg3+ Kf4 53. Rg4+ Ke5 54. Re4+ Kf6 55. Kd2 Kg5 56. Ke1 f2+ 57. Kf1 Rh8 58. Rg4+ Kf6 59. Bd5 Rh3 60. Rf4+ Kg5 61. Rxf2 Bxf2 62. Kxf2 Kf4 63. c5 bxc5 64. b6 Rh6 65. b7 Rb6 66. Ke2 Ke5 67. Bg2 Kd4 68. Kd2 Rb2+ 69. Kc1 Kc3 70. Bc6 Rb6 71. Bf3 Kb3 72. Bc6 c4 73. Kb1 c3 74. Kc1 c2 75. Be4 Kxa4 76. Kxc2 Ka3 77. Kc3 a4 78. Bd5 Rb4 79. Kc2 Rb5 80. Kc3 Rc5+ 81. Bc4 Rc8 1/2-1/2